Case law review (Record no. 81294)
[ view plain ]
| 000 -LEADER | |
|---|---|
| fixed length control field | 01056cad a22001935a 4500 |
| 001 - CONTROL NUMBER | |
| control field | E146807 |
| 008 - FIXED-LENGTH DATA ELEMENTS--GENERAL INFORMATION | |
| fixed length control field | 090302e20090223xxk f v 000 0 eng d |
| 035 ## - SYSTEM CONTROL NUMBER | |
| System control number | (Sirsi) u146807 |
| 041 0# - LANGUAGE CODE | |
| Language code of text/sound track or separate title | eng |
| 110 1# - MAIN ENTRY--CORPORATE NAME | |
| Corporate name or jurisdiction name as entry element | Keating Chambers |
| 245 00 - TITLE STATEMENT | |
| Title | Case law review |
| Remainder of title | construction, property and real estate, February 2009 |
| Medium | [electronic resource] |
| 260 ## - PUBLICATION, DISTRIBUTION, ETC. | |
| Date of publication, distribution, etc. | 2009 |
| 520 ## - SUMMARY, ETC. | |
| Summary, etc. | Provides a list of references to articles and some law cases from 2008 and 2009 relating to construction law and dispute resolution. Focuses on adjudication, arbitration and dispute resolution, contract and procurement law, general and professional negligence, practice and procedure. Includes references to articles on arbitration in a number of countries. |
| 590 ## - LOCAL NOTE (RLIN) | |
| Local note | KA |
| 651 #4 - SUBJECT ADDED ENTRY--GEOGRAPHIC NAME | |
| Geographic name | England and Wales |
| Chronological subdivision | 1543- |
| 690 ## - LOCAL SUBJECT ADDED ENTRY--TOPICAL TERM (OCLC, RLIN) | |
| Topical term or geographic name as entry element | MANAGEMENT-DISPUTE AVOIDANCE, MANAGEMENT AND RESOLUTION-DISPUTE MANAGEMENT AND RESOLUTION-ARBITRATION |
| 856 40 - ELECTRONIC LOCATION AND ACCESS | |
| Uniform Resource Identifier | <a href="https://www.mondaq.com/article.asp?articleid=74890">https://www.mondaq.com/article.asp?articleid=74890</a> |
| Public note | View the article free of charge (after registration) at www.mondaq.com... |
| 942 ## - ADDED ENTRY ELEMENTS (KOHA) | |
| Suppress in OPAC | 0 |
| Withdrawn status | Lost status | Source of classification or shelving scheme | Damaged status | Not for loan | Home library | Current library | Shelving location | Date acquired | Total Checkouts | Full call number | Barcode | Date last seen | Copy number | Price effective from | Koha item type |
|---|---|---|---|---|---|---|---|---|---|---|---|---|---|---|---|
| Dewey Decimal Classification | Virtual | Virtual | Online | 02/03/2009 | ONLINE PUBLICATION | 146807-2001 | 06/08/2019 | 1 | 06/08/2019 | Journal article |